Normal view
MARC view
Entry Geographic Name
001 - CONTROL NUMBER
- control field: 11437
003 - CONTROL NUMBER IDENTIFIER
- control field: ARRUPE
005 - DATE AND TIME OF LATEST TRANSACTION
- control field: 20140922174723.0
008 - FIXED-LENGTH DATA ELEMENTS
- fixed length control field: 140922|| aca||aabn | a|a d
040 ## - CATALOGING SOURCE
- Original cataloging agency: ARRUPE
- Transcribing agency: ARRUPE
151 ## - HEADING--GEOGRAPHIC NAME
- Geographic name: Developing countries.
670 ## - SOURCE DATA FOUND
- Source citation: Work cat.: (ARRUPE)0: Robinson. Mary 11435, The development of peoples, 2007.